000 01020naa a22002537a 4500
001 vtls000029726
003 ES-BaIT
005 20251127103104.0
007 t|
008 111114s1996 xxu|||||| |00| |eng|d
010 _a29726
035 _a0029-72660
_9ES-BaIT035
039 9 _a201403072325
_bVLOAD
_c201303092021
_dVLOAD
_c201111141545
_dVLOAD
_y201110052309
_zVLOAD
100 1 _aBerc, Shelley
_97795
245 1 2 _aA Girl's guide to the divine comedy :
_ba trilogy /
_cShelley Berc
500 _aP5: D1, H4 i altres
500 _aEstrena 1994-05-19 Leland Center (Boston), dir. Maureen Shea
505 8 _a3 parts titulades: Ghost Writing the Inferno ; Purgatory : The Bussiness of Illumination ; Paradise : The Girl of Maps
773 0 _aPlays for the end of the century / edited, with an introduction, by Bonnie Marranca
_dLondon : Johns Hopkins University, cop.1996
_wvtls000029229
_z0-8018-5108-4
_025476
790 _w0029-22960
790 _a002922960
917 _aFalta matèries. Cat. rev
999 _c25910
_d25910
942 _cART